[Event "Bayerische EM der Damen 2012"]
[Site "Bayerisch Eisenstein"]
[Date "2012.08.18"]
[Round "1.1"]
[White "Dirmeier, Carolin"]
[Black "Janekovic, Vera"]
[Result "1/2-1/2"]
[WhiteElo "2044"]
[BlackElo "1643"]
[PlyCount "101"]
[EventDate "2012.??.??"]
[WhiteTeam "TSV Wacker Neutraubling"]
[BlackTeam "FC Bayern München e.V."]

1. e4 d6 2. d4 g6 3. Nf3 Nf6 4. Nc3 Bg7 5. Bf4 O-O 6. Qd2 Nbd7 7. Bh6 e5 8.
O-O-O exd4 9. Nxd4 Nc5 10. f3 Ne6 11. Nde2 Qe7 12. g4 Nd7 13. Bxg7 Kxg7 14. f4
Nf6 15. f5 Nc5 16. g5 Nfxe4 17. f6+ Nxf6 18. gxf6+ Qxf6 19. Nd5 Qd8 20. Nef4
Kg8 21. Rg1 c6 22. Nc3 d5 23. Nh5 f5 24. Qh6 Qe7 25. Bd3 Ne6 26. Rde1 Qf7 27.
h4 Kh8 28. Nf4 Nxf4 29. Qxf4 Bd7 30. Qe5+ Kg8 31. h5 Rfe8 32. Qg3 Rxe1+ 33.
Rxe1 Qg7 34. Rg1 Qh6+ 35. Qg5 Qxg5+ 36. Rxg5 Kg7 37. hxg6 hxg6 38. Kd2 Kf6 39.
Rg1 g5 40. Ke3 f4+ 41. Kf3 Rh8 42. Ne2 Rh3+ 43. Kf2 f3 44. Ng3 g4 45. Rh1 Rxh1
46. Nxh1 Be6 47. Kg3 Kg5 48. Nf2 c5 49. c3 a6 50. Bc2 b5 51. a3 1/2-1/2

[Event "Bayerische EM der Damen 2012"]
[Site "Bayerisch Eisenstein"]
[Date "2012.08.18"]
[Round "1.2"]
[White "Stegmaier, Erika"]
[Black "Zwetz, Anita"]
[Result "0-1"]
[WhiteElo "1560"]
[BlackElo "1871"]
[PlyCount "90"]
[EventDate "2012.??.??"]
[WhiteTeam "1.Schachklub Neuperlach e.V."]
[BlackTeam "TSV Kareth-Lappersdorf"]

1. c4 e6 2. g3 d5 3. cxd5 exd5 4. d4 Nf6 5. Bg2 c6 6. Nc3 Bb4 7. Bd2 O-O 8. Nf3
Re8 9. O-O Nbd7 10. a3 Bd6 11. Rc1 Nf8 12. Qc2 Ng6 13. e3 Qe7 14. Rfe1 Ne4 15.
Ne2 Bf5 16. Qb3 Qd7 17. Bb4 Re7 18. Bxd6 Qxd6 19. Rc2 Rae8 20. Rec1 Qf6 21. Nc3
h5 22. h4 Nd6 23. Rd2 Nc4 24. Rdd1 Bg4 25. Nh2 Bxd1 26. Rxd1 Nd6 27. Qc2 Nf5
28. Nf3 Nh6 29. b4 Ng4 30. b5 Nxe3 31. fxe3 Rxe3 32. Rf1 Qd6 33. Kh2 Nxh4 34.
Nxh4 Qxg3+ 35. Kg1 Qxh4 36. Qf5 R8e7 37. Qc8+ Kh7 38. Qf5+ g6 39. Qc2 Qxd4 40.
Kh1 Rxc3 41. Qb1 Qh4+ 42. Kg1 Qg3 43. bxc6 bxc6 44. a4 Rce3 45. Qb4 Re2 0-1

[Event "Bayerische EM der Damen 2012"]
[Site "Bayerisch Eisenstein"]
[Date "2012.08.18"]
[Round "1.3"]
[White "Lorenz, Oda"]
[Black "Reichart, Barbara"]
[Result "1-0"]
[WhiteElo "1870"]
[BlackElo "1543"]
[PlyCount "23"]
[EventDate "2012.??.??"]
[WhiteTeam "Schachges. Augsburg 1873"]
[BlackTeam "SC Gröbenzell"]

1. e4 c5 2. d4 cxd4 3. c3 dxc3 4. Nxc3 e5 5. Bc4 Nf6 6. Nf3 Nc6 7. Ng5 a6 8.
Nxf7 Qb6 9. Nxh8 Bb4 10. O-O Bxc3 11. bxc3 Nxe4 12. Qd5 1-0

[Event "Bayerische EM der Damen 2012"]
[Site "Bayerisch Eisenstein"]
[Date "2012.08.18"]
[Round "1.4"]
[White "Zürner, Bianca"]
[Black "Heyne, Regina"]
[Result "0-1"]
[WhiteElo "1514"]
[BlackElo "1804"]
[PlyCount "106"]
[EventDate "2012.??.??"]
[WhiteTeam "SV Thiersheim"]
[BlackTeam "FC Bayern München e.V."]

1. d4 d5 2. Nf3 Nf6 3. g3 e6 4. Bg2 b6 5. O-O Bb7 6. b3 Be7 7. Bb2 O-O 8. Nbd2
c5 9. c4 dxc4 10. dxc5 Bxc5 11. Nxc4 Na6 12. Qxd8 Rfxd8 13. Rfd1 Nc7 14. Be5
Nce8 15. Bd4 Bxd4 16. Rxd4 Rxd4 17. Nxd4 Bxg2 18. Kxg2 Ne4 19. f3 Nc3 20. a4
Nd5 21. Nc6 Kf8 22. b4 f6 23. b5 Ne7 24. Nb4 Rd8 25. e3 Nd5 26. Nc6 Rc8 27. Rd1
Rc7 28. Rc1 Ne7 29. Na3 Nxc6 30. Rxc6 Rxc6 31. bxc6 Nc7 32. Nb5 Nxb5 33. axb5
Ke7 34. e4 Kd6 35. Kf2 a6 36. bxa6 Kxc6 37. Ke3 e5 38. Kd3 b5 39. Kc3 Kb6 40.
a7 Kxa7 41. Kb4 Kb6 42. h3 Kc6 43. f4 h5 44. fxe5 fxe5 45. g4 hxg4 46. hxg4 g5
47. Kc3 Kc5 48. Kb3 b4 49. Kc2 Kd4 50. Kb3 Kxe4 51. Kxb4 Kf4 52. Kc4 Kxg4 53.
Kd5 Kf4 0-1

[Event "Bayerische EM der Damen 2012"]
[Site "Bayerisch Eisenstein"]
[Date "2012.08.18"]
[Round "1.5"]
[White "Roos, Karin"]
[Black "Nietzer, Ingrid"]
[Result "1-0"]
[WhiteElo "1781"]
[BlackElo "1355"]
[PlyCount "57"]
[EventDate "2012.??.??"]
[WhiteTeam "FC Bayern München e.V."]
[BlackTeam "SK Keres-Augsburg 1980"]

1. e4 e5 2. Nf3 Nc6 3. d4 exd4 4. Nxd4 Qh4 5. Qd3 Nf6 6. Nd2 Bc5 7. g3 Ne5 8.
Qe2 Qg4 9. f3 Qg6 10. N2b3 Bb6 11. Bf4 d6 12. Bxe5 dxe5 13. Qb5+ Nd7 14. Nf5
Qf6 15. O-O-O g6 16. Nh4 Be3+ 17. Kb1 c6 18. Qd3 Qg5 19. Bh3 Nc5 20. Nxc5 Bxc5
21. Bxc8 O-O 22. Bxb7 Rad8 23. Qc4 Qe3 24. Bxc6 Rb8 25. Rhe1 Rfd8 26. Bd5 Rxb2+
27. Kxb2 Rb8+ 28. Ka1 Bd4+ 29. Qxd4 1-0

[Event "Bayerische EM der Damen 2012"]
[Site "Bayerisch Eisenstein"]
[Date "2012.08.18"]
[Round "1.6"]
[White "Homfeldt, Maren"]
[Black "Ludwig, Ines"]
[Result "0-1"]
[WhiteElo "836"]
[BlackElo "1716"]
[PlyCount "96"]
[EventDate "2012.??.??"]
[WhiteTeam "SC Noris-Tarrasch Nürnberg 1873"]
[BlackTeam "SC Mühlhof-Reichelsdorf e.V."]

1. g3 d5 2. Bg2 f5 3. e3 e6 4. Ne2 Bd6 5. b3 Nf6 6. h3 O-O 7. Bb2 Nbd7 8. d3 c6
9. Nd2 e5 10. a3 Qe7 11. Nf3 Rb8 12. Nh4 Nc5 13. Nxf5 Bxf5 14. f4 exf4 15. exf4
Nh5 16. g4 Nxf4 17. gxf5 Nxg2+ 18. Kd2 Qe3+ 19. Kc3 Be5+ 20. Kb4 Na6+ 21. Ka4
Bxb2 22. Rb1 Bd4 23. b4 Rxf5 24. c3 Bf6 25. d4 Re8 26. Rh2 Nf4 27. Nxf4 Qxf4
28. Qc2 Qe4 29. Qxe4 Rxe4 30. Rc1 Rf3 31. Rcc2 Nc7 32. Kb3 Nb5 33. a4 Nxd4+ 34.
Kb2 Nxc2 35. Kxc2 Rxc3+ 36. Kd1 Rxb4 37. Re2 Rb1+ 38. Kd2 d4 39. Re8+ Kf7 40.
Re4 Bg5+ 41. Ke2 Rb2+ 42. Kf1 Rb1+ 43. Kg2 Rb2+ 44. Kf1 Rc1+ 45. Re1 Rxe1+ 46.
Kxe1 d3 47. Kf1 Be3 48. Ke1 Rb1# 0-1

[Event "Bayerische EM der Damen 2012"]
[Site "Bayerisch Eisenstein"]
[Date "2012.08.18"]
[Round "1.7"]
[White "Müller, Liliane"]
[Black "Homfeldt, Claudia Laura"]
[Result "1-0"]
[WhiteElo "1679"]
[BlackElo "814"]
[PlyCount "115"]
[EventDate "2012.??.??"]
[WhiteTeam "1.Schachklub Neuperlach e.V."]
[BlackTeam "SC Noris-Tarrasch Nürnberg 1873"]

1. d4 d5 2. c4 Bf5 3. Nc3 e6 4. e3 Nf6 5. Nf3 Nc6 6. a3 h6 7. Be2 Bd6 8. O-O
O-O 9. cxd5 exd5 10. Bd3 Ne4 11. Ne2 Bg4 12. Ng3 Ne7 13. Nxe4 dxe4 14. Bxe4 Nf5
15. h3 Bxf3 16. Bxf3 Nh4 17. Bxb7 Rb8 18. Ba6 Qg5 19. Qg4 Qe7 20. Bc4 c5 21. e4
cxd4 22. Bxh6 Qe5 23. f4 Qf6 24. Bg5 Rxb2 25. Bxf6 Rxg2+ 26. Qxg2 Nxg2 27. Kxg2
gxf6 28. Kf3 Rc8 29. Rfc1 Kg7 30. Bd3 Rh8 31. Rg1+ Kf8 32. Rg3 a6 33. Bxa6 Rh4
34. Bc8 Rxf4+ 35. Ke2 Rxe4+ 36. Kd3 Rh4 37. Rf3 Bc5 38. a4 Rh5 39. a5 Rd5 40.
Rf5 Re5 41. Rxe5 fxe5 42. Bf5 Bb4 43. a6 Bc3 44. a7 Bxa1 45. a8=Q+ Kg7 46. Qxa1
Kf8 47. Qa8+ Ke7 48. Qf3 Kf6 49. Qg4 Ke7 50. Qg5+ f6 51. Qg7+ Kd6 52. Qxf6+ Kd5
53. Qe6+ Kc5 54. Qxe5+ Kb4 55. Kxd4 Kb3 56. Qc5 Ka2 57. Kc3 Ka1 58. Qa3# 1-0

[Event "Bayerische EM der Damen 2012"]
[Site "Bayerisch Eisenstein"]
[Date "2012.08.19"]
[Round "2.1"]
[White "Zwetz, Anita"]
[Black "Roos, Karin"]
[Result "0-1"]
[WhiteElo "1871"]
[BlackElo "1781"]
[PlyCount "64"]
[EventDate "2012.??.??"]
[WhiteTeam "TSV Kareth-Lappersdorf"]
[BlackTeam "FC Bayern München e.V."]

1. d4 Nf6 2. Bg5 e6 3. e4 Be7 4. Bd3 c5 5. dxc5 Qa5+ 6. Nd2 Qxc5 7. Be3 Qc7 8.
Ngf3 Nc6 9. c3 O-O 10. h3 d5 11. Qe2 b6 12. O-O Bb7 13. exd5 Nxd5 14. Ne4 Rad8
15. Rad1 Ne5 16. Nxe5 Nxe3 17. Qxe3 Qxe5 18. Rfe1 Rd5 19. Bc2 Rfd8 20. Rxd5
Rxd5 21. f4 Qc7 22. Qg3 Qd8 23. Qf3 Rd2 24. Re2 Bc5+ 25. Kh2 Rxc2 26. Rxc2 f5
27. Nf6+ gxf6 28. Qxb7 Qd1 29. Qc8+ Kf7 30. Qc7+ Kg6 31. Re2 Bg1+ 32. Kg3 Qxe2
0-1

[Event "Bayerische EM der Damen 2012"]
[Site "Bayerisch Eisenstein"]
[Date "2012.08.19"]
[Round "2.2"]
[White "Ludwig, Ines"]
[Black "Lorenz, Oda"]
[Result "0-1"]
[WhiteElo "1716"]
[BlackElo "1870"]
[PlyCount "82"]
[EventDate "2012.??.??"]
[WhiteTeam "SC Mühlhof-Reichelsdorf e.V."]
[BlackTeam "Schachges. Augsburg 1873"]

1. d4 Nf6 2. e3 d6 3. c4 Nbd7 4. Nc3 c5 5. Bd3 g6 6. d5 Bg7 7. Rb1 Ne5 8. e4
O-O 9. h3 Qa5 10. Qe2 Nxd3+ 11. Qxd3 Bd7 12. Nge2 a6 13. O-O b5 14. a3 bxc4 15.
Qxc4 Bb5 16. Nxb5 axb5 17. Qc2 Nd7 18. Bd2 Qb6 19. Bc3 Ne5 20. Kh1 Rfc8 21. f4
Nc4 22. Qd3 Qa6 23. Bxg7 Kxg7 24. Qc3+ Kg8 25. f5 Ne5 26. Qg3 b4 27. Nf4 bxa3
28. bxa3 Qxa3 29. Rb3 Qa6 30. Rfb1 Qc4 31. fxg6 hxg6 32. Qe3 Ra2 33. Rc1 Qa4
34. Rb7 Re8 35. Rcb1 Qc2 36. Rc1 Qd2 37. Qxd2 Rxd2 38. Re1 Rf2 39. g3 Kf8 40.
Rc7 Ra8 41. Kg1 Raa2 0-1

[Event "Bayerische EM der Damen 2012"]
[Site "Bayerisch Eisenstein"]
[Date "2012.08.19"]
[Round "2.3"]
[White "Heyne, Regina"]
[Black "Müller, Liliane"]
[Result "1-0"]
[WhiteElo "1804"]
[BlackElo "1679"]
[PlyCount "131"]
[EventDate "2012.??.??"]
[WhiteTeam "FC Bayern München e.V."]
[BlackTeam "1.Schachklub Neuperlach e.V."]

1. d4 Nf6 2. c4 e6 3. Nf3 c5 4. e3 b6 5. Be2 Bb7 6. O-O Be7 7. b3 O-O 8. Bb2 d5
9. dxc5 Bxc5 10. Nc3 Nbd7 11. Qc2 a6 12. Rfd1 Qc7 13. Rac1 dxc4 14. Bxc4 Bxf3
15. gxf3 Ne5 16. Be2 Qb7 17. Ne4 Nxe4 18. Qxe4 Qxe4 19. fxe4 Ng6 20. Rd7 Rfd8
21. Rcd1 Rxd7 22. Rxd7 b5 23. Kf1 Rc8 24. Ke1 Nf8 25. Rd3 Bb4+ 26. Kd1 Ng6 27.
a3 Be7 28. a4 bxa4 29. bxa4 a5 30. Rc3 Rb8 31. Kc2 Bf6 32. Rb3 Rc8+ 33. Bc3 Kf8
34. Kb2 Bxc3+ 35. Rxc3 Rd8 36. Kc2 Ra8 37. Rc6 Ne5 38. Ra6 Rc8+ 39. Kb3 Rc5 40.
f4 Nc6 41. Bb5 Nb4 42. Rxa5 Nc2 43. Ra8+ Ke7 44. Re8+ Kd6 45. e5+ Kd5 46. Rd8+
Ke4 47. Bd3+ Kxe3 48. Bxc2 Kxf4 49. Bxh7 Rxe5 50. Rd7 f5 51. Rxg7 Re3+ 52. Kb4
Rh3 53. Bg8 Rxh2 54. Bxe6 Ke5 55. Bc4 f4 56. Rd7 Rh8 57. a5 f3 58. Kb5 Rf8 59.
Kb6 f2 60. a6 f1=Q 61. Bxf1 Rxf1 62. a7 Rb1+ 63. Kc7 Rc1+ 64. Kb8 Rb1+ 65. Rb7
Rh1 66. a8=Q 1-0

[Event "Bayerische EM der Damen 2012"]
[Site "Bayerisch Eisenstein"]
[Date "2012.08.19"]
[Round "2.4"]
[White "Reichart, Barbara"]
[Black "Dirmeier, Carolin"]
[Result "0-1"]
[WhiteElo "1543"]
[BlackElo "2044"]
[PlyCount "52"]
[EventDate "2012.??.??"]
[WhiteTeam "SC Gröbenzell"]
[BlackTeam "TSV Wacker Neutraubling"]

1. d4 f5 2. Nf3 Nf6 3. Bf4 g6 4. e3 Bg7 5. Bc4 e6 6. O-O O-O 7. Nbd2 h6 8. h3
g5 9. Bh2 Nc6 10. Ne5 Ne7 11. Qe2 d6 12. Nef3 Kh8 13. c3 Bd7 14. e4 fxe4 15.
Nxe4 Nxe4 16. Bd3 Nf6 17. Nd2 Qe8 18. Ne4 Neg8 19. Ng3 e5 20. dxe5 Qxe5 21. Ne4
Qe6 22. Qc2 Nxe4 23. Bxe4 Bc6 24. Bg6 Qd5 25. f3 Ne7 26. Rad1 Qc5+ 0-1

[Event "Bayerische EM der Damen 2012"]
[Site "Bayerisch Eisenstein"]
[Date "2012.08.19"]
[Round "2.5"]
[White "Janekovic, Vera"]
[Black "Stegmaier, Erika"]
[Result "1/2-1/2"]
[WhiteElo "1643"]
[BlackElo "1560"]
[PlyCount "116"]
[EventDate "2012.??.??"]
[WhiteTeam "FC Bayern München e.V."]
[BlackTeam "1.Schachklub Neuperlach e.V."]

1. e4 c5 2. c3 Nc6 3. d4 cxd4 4. cxd4 e6 5. Nf3 Nf6 6. Nc3 Be7 7. Bd3 a6 8. O-O
d6 9. a3 O-O 10. Re1 b5 11. Qe2 e5 12. Be3 Bg4 13. d5 Na5 14. b4 Bxf3 15. Qxf3
Nc4 16. Bxc4 bxc4 17. Rec1 Rc8 18. Na4 Nd7 19. Rc3 Bg5 20. Rac1 Bxe3 21. Qxe3
a5 22. Rxc4 Rxc4 23. Rxc4 axb4 24. axb4 Qa8 25. Nb2 Nf6 26. f3 Rc8 27. Rxc8+
Qxc8 28. b5 Qc2 29. Nd3 Qb1+ 30. Qc1 Qxb5 31. Qc6 Qb1+ 32. Kf2 h6 33. Ne1 Qb4
34. Ke2 Qb8 35. Nc2 Nh5 36. g3 Nf6 37. Ne3 g6 38. Nc4 Ne8 39. f4 exf4 40. gxf4
f6 41. Qd7 h5 42. Qe6+ Kg7 43. e5 fxe5 44. fxe5 Qb5 45. Kd3 Qb1+ 46. Kd4 Qd1+
47. Ke4 Qc2+ 48. Kd4 Qd1+ 49. Kc3 Qc1+ 50. Kb4 Qb1+ 51. Kc3 Qc1+ 52. Kd3 Qb1+
53. Kd2 Qa2+ 54. Kc3 Qa1+ 55. Kb3 Qd1+ 56. Kb2 Qd4+ 57. Kb3 Qd1+ 58. Kc3 Qc1+
1/2-1/2

[Event "Bayerische EM der Damen 2012"]
[Site "Bayerisch Eisenstein"]
[Date "2012.08.19"]
[Round "2.6"]
[White "Homfeldt, Claudia Laura"]
[Black "Zürner, Bianca"]
[Result "0-1"]
[WhiteElo "814"]
[BlackElo "1514"]
[PlyCount "92"]
[EventDate "2012.??.??"]
[WhiteTeam "SC Noris-Tarrasch Nürnberg 1873"]
[BlackTeam "SV Thiersheim"]

1. e4 e6 2. Nc3 d6 3. Bc4 Nf6 4. d3 Be7 5. Nf3 d5 6. exd5 exd5 7. Bb5+ c6 8.
Ba4 Nbd7 9. h3 Qa5 10. Bb3 Nc5 11. Ne5 Nxb3 12. axb3 Qxa1 13. Na4 b5 14. Nc3
Qa6 15. Ne2 Qa5+ 16. c3 Qc7 17. Bf4 Bd6 18. d4 Nh5 19. Qc1 Nxf4 20. Qxf4 f6 21.
Qe3 Bxe5 22. dxe5 Qxe5 23. Qc5 Bd7 24. c4 a6 25. Qe3 Qxe3 26. fxe3 O-O 27. O-O
Rfe8 28. cxd5 cxd5 29. Rf3 Re7 30. Nf4 Bc6 31. Kf2 d4 32. Rg3 dxe3+ 33. Ke2 Re4
34. Nh5 g6 35. b4 Kh8 36. Nf4 Rxf4 37. Kxe3 Rxb4 38. Kd2 Rxb2+ 39. Kc1 Rxg2 40.
Rd3 Re8 41. Kd1 Ree2 42. Rd6 Bf3 43. Rd8+ Kg7 44. Rd7+ Kh6 45. Kc1 Re1+ 46. Rd1
Rxd1# 0-1

[Event "Bayerische EM der Damen 2012"]
[Site "Bayerisch Eisenstein"]
[Date "2012.08.19"]
[Round "2.7"]
[White "Nietzer, Ingrid"]
[Black "Homfeldt, Maren"]
[Result "1-0"]
[WhiteElo "1355"]
[BlackElo "836"]
[PlyCount "131"]
[EventDate "2012.??.??"]
[WhiteTeam "SK Keres-Augsburg 1980"]
[BlackTeam "SC Noris-Tarrasch Nürnberg 1873"]

1. e4 g6 2. d4 Bg7 3. Nf3 h6 4. Nc3 a6 5. a4 e6 6. Bc4 Ne7 7. O-O d6 8. Bf4 Nd7
9. Re1 b6 10. Qd3 Bb7 11. Rad1 d5 12. exd5 exd5 13. Nxd5 Bxd5 14. Bxd5 c6 15.
Bxc6 Rc8 16. Bd5 O-O 17. Bb3 Nb8 18. Bxb8 Rxb8 19. Qxa6 Nc6 20. Qd3 Nb4 21.
Qxg6 Qd7 22. Ne5 Qe7 23. Nc6 Nxc6 24. Rxe7 Nxe7 25. Qg3 Nf5 26. Qd3 Nxd4 27.
Kf1 Nxb3 28. Qxb3 Rfd8 29. Rxd8+ Rxd8 30. Ke2 Re8+ 31. Kf3 Bd4 32. c3 Bc5 33.
Qb5 Re5 34. Qd7 Re7 35. Qg4+ Kf8 36. b4 Bd6 37. h3 f6 38. Qd4 Be5 39. Qxb6 Bxc3
40. Qd8+ Kf7 41. Qd5+ Kg6 42. Qc6 Re5 43. Qxc3 Rf5+ 44. Ke2 Re5+ 45. Kf1 h5 46.
a5 Rb5 47. Qd3+ Rf5 48. a6 Kg5 49. a7 Re5 50. Qe3+ Kg6 51. Qxe5 fxe5 52. a8=Q
Kg5 53. g3 h4 54. Qe4 hxg3 55. fxg3 Kf6 56. Qd5 Kf5 57. Ke2 Kf6 58. Ke3 Kf5 59.
b5 Kf6 60. Ke4 Ke7 61. Kxe5 Ke8 62. Ke6 Kf8 63. Qd7 Kg8 64. Qe7 Kh8 65. Kf6 Kg8
66. Qg7# 1-0

[Event "Bayerische EM der Damen 2012"]
[Site "Bayerisch Eisenstein"]
[Date "2012.08.20"]
[Round "3.1"]
[White "Lorenz, Oda"]
[Black "Heyne, Regina"]
[Result "1-0"]
[WhiteElo "1870"]
[BlackElo "1804"]
[PlyCount "69"]
[EventDate "2012.??.??"]
[WhiteTeam "Schachges. Augsburg 1873"]
[BlackTeam "FC Bayern München e.V."]

1. e4 e6 2. d4 d5 3. exd5 exd5 4. c4 dxc4 5. Bxc4 Nf6 6. Nf3 Be7 7. O-O O-O 8.
h3 Nbd7 9. Nc3 Nb6 10. Bb3 Re8 11. Ng5 Rf8 12. Bf4 c6 13. Be5 h6 14. Nge4 Nbd5
15. Qf3 Nxe4 16. Qxe4 Nf6 17. Qf3 Nh7 18. Rad1 Bf6 19. Bc2 Ng5 20. Qd3 g6 21.
Qg3 Kg7 22. h4 Nh7 23. h5 Bxe5 24. dxe5 Qg5 25. Qxg5 Nxg5 26. f4 Nh7 27. hxg6
fxg6 28. Rd6 Bg4 29. Rxg6+ Kf7 30. Rxg4 Rh8 31. Rd1 Nf8 32. Ne4 b6 33. Bb3+ Ke7
34. Rg7+ Ke8 35. Nf6# 1-0

[Event "Bayerische EM der Damen 2012"]
[Site "Bayerisch Eisenstein"]
[Date "2012.08.20"]
[Round "3.2"]
[White "Roos, Karin"]
[Black "Dirmeier, Carolin"]
[Result "0-1"]
[WhiteElo "1781"]
[BlackElo "2044"]
[PlyCount "92"]
[EventDate "2012.??.??"]
[WhiteTeam "FC Bayern München e.V."]
[BlackTeam "TSV Wacker Neutraubling"]

1. e4 c5 2. Nf3 Nc6 3. d3 d5 4. exd5 Qxd5 5. d4 Bg4 6. c4 Qe4+ 7. Be2 Bxf3 8.
gxf3 Qxd4 9. Qb3 Qd7 10. Be3 e5 11. Nc3 Nd4 12. Bxd4 cxd4 13. O-O-O Nf6 14. Ne4
O-O-O 15. h4 Nxe4 16. fxe4 g6 17. h5 Bh6+ 18. Kb1 f5 19. f3 fxe4 20. fxe4 Bf4
21. Bf1 Qc6 22. Bh3+ Kb8 23. Bg2 g5 24. Rhe1 Rd6 25. Re2 Re8 26. Rc2 Rh6 27.
Bf3 Qc5 28. Qa4 Rc6 29. Bg4 Rd8 30. b4 Rb6 31. a3 Qc6 32. Qa5 Rf8 33. b5 Qc5
34. Rd3 Rbf6 35. Ka2 Be3 36. Bf5 Rxf5 37. exf5 e4 38. Rxe3 dxe3 39. Qc3 Qxf5
40. Qxe3 Qf4 41. Qc5 e3 42. Qe7 h6 43. Kb3 g4 44. Re2 Ka8 45. Rxe3 Qxe3+ 46.
Qxe3 Rf3 0-1

[Event "Bayerische EM der Damen 2012"]
[Site "Bayerisch Eisenstein"]
[Date "2012.08.20"]
[Round "3.3"]
[White "Janekovic, Vera"]
[Black "Zwetz, Anita"]
[Result "0-1"]
[WhiteElo "1643"]
[BlackElo "1871"]
[PlyCount "96"]
[EventDate "2012.??.??"]
[WhiteTeam "FC Bayern München e.V."]
[BlackTeam "TSV Kareth-Lappersdorf"]

1. e4 e6 2. d4 d5 3. e5 c5 4. c3 Nc6 5. Nf3 Bd7 6. Bd3 cxd4 7. cxd4 Qb6 8. Bc2
Rc8 9. a3 g5 10. h3 Nxd4 11. Nxd4 Bc5 12. Ne2 Bxf2+ 13. Kf1 f5 14. Nbc3 f4 15.
Ba4 Bh4 16. Bxd7+ Kxd7 17. Qa4+ Kd8 18. Qd4 Qa6 19. Nxd5 Rc4 20. Qd1 exd5 21.
Qxd5+ Ke8 22. e6 Nf6 23. Qf3 Rf8 24. Bd2 Re4 25. Rc1 Qxe6 26. Bc3 Qe7 27. Bxf6
Rxf6 28. Rc8+ Kd7 29. Rc1 Rfe6 30. Qd3+ Qd6 31. Qxd6+ Kxd6 32. Rd1+ Ke7 33. Rd2
Re3 34. Rg1 f3 35. gxf3 Rxf3+ 36. Kg2 Rf2+ 37. Kh1 Rfxe2 38. Rxe2 Rxe2 39. Rb1
Re1+ 40. Rxe1+ Bxe1 41. Kg2 Bd2 42. b3 Ke6 43. Kf3 Kf5 44. b4 h5 45. a4 g4+ 46.
hxg4+ hxg4+ 47. Kg2 Ke4 48. b5 b6 0-1

[Event "Bayerische EM der Damen 2012"]
[Site "Bayerisch Eisenstein"]
[Date "2012.08.20"]
[Round "3.4"]
[White "Zürner, Bianca"]
[Black "Ludwig, Ines"]
[Result "0-1"]
[WhiteElo "1514"]
[BlackElo "1716"]
[PlyCount "182"]
[EventDate "2012.??.??"]
[WhiteTeam "SV Thiersheim"]
[BlackTeam "SC Mühlhof-Reichelsdorf e.V."]

1. d4 d5 2. Nf3 e6 3. g3 Bd6 4. Bg2 Nd7 5. Nbd2 f5 6. e3 Ngf6 7. Ng5 Qe7 8. f4
O-O 9. O-O h6 10. Ngf3 Ne4 11. Ne5 Nxe5 12. fxe5 Bb4 13. c3 Ba5 14. Nf3 c6 15.
Nh4 Qe8 16. Bf3 g6 17. Qe1 Bd8 18. Ng2 Ng5 19. Bd1 Nh3+ 20. Kh1 Kg7 21. Nf4 Ng5
22. h4 Ne4 23. Nh3 Bd7 24. Kg2 g5 25. h5 Be7 26. g4 c5 27. Nf2 Bb5 28. Be2 Bxe2
29. Qxe2 c4 30. Nxe4 fxe4 31. Bd2 Qa4 32. b3 cxb3 33. axb3 Qc6 34. c4 Rxf1 35.
Qxf1 Rf8 36. Qe2 a6 37. c5 Qc8 38. b4 Qc6 39. Ra5 Bd8 40. b5 axb5 41. Rxb5 b6
42. Bb4 Rf7 43. cxb6 Bxb6 44. Bc5 Bxc5 45. Rxc5 Qa4 46. Rc1 Qa3 47. Rf1 Rb7 48.
Kh3 Rb2 49. Qe1 Qd3 50. Rf2 Rb1 51. Qe2 Rb3 52. Qxd3 Rxd3 53. Re2 Rd1 54. Kg3
Rf1 55. Kg2 Rf3 56. Rf2 Rxe3 57. Rf6 Rd3 58. Rxe6 Rxd4 59. Rd6 e3 60. Kf3 Re4
61. Rxd5 e2 62. Kxe4 e1=Q+ 63. Kf5 Qb1+ 64. Ke6 Qb3 65. Kd6 Qb4+ 66. Rc5 Qxg4
67. Rc7+ Kf8 68. e6 Qxh5 69. Rc8+ Qe8 70. Rc7 Qd8+ 71. Kc6 Qa8+ 72. Kd6 Qa3+
73. Rc5 Qxc5+ 74. Kxc5 Ke7 75. Kd4 Kxe6 76. Ke4 h5 77. Kf3 Kf5 78. Kg3 Ke4 79.
Kf2 Kf4 80. Kg2 Kg4 81. Kh2 Kf3 82. Kg1 g4 83. Kf1 g3 84. Kg1 g2 85. Kh2 Kf2
86. Kh3 g1=Q 87. Kh4 Kf3 88. Kxh5 Kf4 89. Kh6 Kf5 90. Kh7 Kf6 91. Kh8 Qg7# 0-1

[Event "Bayerische EM der Damen 2012"]
[Site "Bayerisch Eisenstein"]
[Date "2012.08.20"]
[Round "3.5"]
[White "Müller, Liliane"]
[Black "Nietzer, Ingrid"]
[Result "1/2-1/2"]
[WhiteElo "1679"]
[BlackElo "1355"]
[PlyCount "74"]
[EventDate "2012.??.??"]
[WhiteTeam "1.Schachklub Neuperlach e.V."]
[BlackTeam "SK Keres-Augsburg 1980"]

1. d4 Nf6 2. c4 g6 3. Nc3 Bg7 4. e4 d6 5. h3 O-O 6. Nf3 Nbd7 7. Bd3 e5 8. Be3
c6 9. Qd2 Ne8 10. Bh6 exd4 11. Bxg7 Nxg7 12. Nxd4 Ne5 13. Be2 Be6 14. Nxe6 fxe6
15. O-O Qd7 16. Rad1 Rad8 17. b3 Rf6 18. Qe3 b6 19. Rd2 Nf7 20. Rfd1 e5 21. Bf3
h6 22. g3 Ng5 23. Bg2 Rdf8 24. h4 Nf3+ 25. Bxf3 Rxf3 26. Qxh6 Rxc3 27. Rxd6 Qf7
28. Qd2 Rf3 29. Rf1 Nh5 30. Qh6 Rf6 31. Rxf6 Qxf6 32. Qe3 Rd8 33. Kg2 Kg7 34.
Rh1 Qd6 35. Qg5 Qf6 36. Qe3 Qd6 37. Qg5 Qf6 1/2-1/2

[Event "Bayerische EM der Damen 2012"]
[Site "Bayerisch Eisenstein"]
[Date "2012.08.20"]
[Round "3.6"]
[White "Stegmaier, Erika"]
[Black "Reichart, Barbara"]
[Result "1-0"]
[WhiteElo "1560"]
[BlackElo "1543"]
[PlyCount "109"]
[EventDate "2012.??.??"]
[WhiteTeam "1.Schachklub Neuperlach e.V."]
[BlackTeam "SC Gröbenzell"]

1. c4 Nf6 2. g3 d6 3. Bg2 c5 4. Nc3 g6 5. e3 Bd7 6. Bxb7 Bc6 7. Bxc6+ Nxc6 8.
Qf3 Ne5 9. Qe2 Qc8 10. d4 Qb7 11. d5 Bg7 12. Nf3 Nxf3+ 13. Qxf3 O-O 14. O-O Nd7
15. e4 Ne5 16. Qe2 Qd7 17. Bf4 Rab8 18. Rab1 Qh3 19. Bxe5 Bxe5 20. Nd1 h5 21.
Ne3 Kg7 22. b3 Rh8 23. Qf3 h4 24. Qg4 hxg3 25. Qxh3 Rxh3 26. fxg3 Rbh8 27. Ng4
Bd4+ 28. Kg2 R3h5 29. h4 f5 30. exf5 gxf5 31. Nh2 Rf8 32. Rbe1 Bf6 33. a3 a5
34. Rf3 Rg8 35. Nf1 Kf7 36. Kh3 Ke8 37. Ne3 Be5 38. Ng2 Rg4 39. Ne3 Rg8 40. Nf1
Rg4 41. Rxf5 Rxf5 42. Kxg4 Rf8 43. Kh3 Rf3 44. Rb1 a4 45. bxa4 Rxa3 46. Kg4
Rxa4 47. Rc1 Ra2 48. Kh5 Kf7 49. g4 Ra8 50. g5 Rh8+ 51. Kg4 Kg6 52. Ne3 Bd4 53.
Nf5 Rf8 54. Rf1 Rf7 55. h5+ 1-0

[Event "Bayerische EM der Damen 2012"]
[Site "Bayerisch Eisenstein"]
[Date "2012.08.20"]
[Round "3.7"]
[White "Homfeldt, Maren"]
[Black "Homfeldt, Claudia Laura"]
[Result "1/2-1/2"]
[WhiteElo "836"]
[BlackElo "814"]
[PlyCount "45"]
[EventDate "2012.??.??"]
[WhiteTeam "SC Noris-Tarrasch Nürnberg 1873"]
[BlackTeam "SC Noris-Tarrasch Nürnberg 1873"]

1. g3 d5 2. Bg2 Nf6 3. h3 Nc6 4. a3 e5 5. e3 Bd6 6. Ne2 h6 7. d3 O-O 8. Nd2 Be6
9. b3 d4 10. e4 a5 11. Bb2 b5 12. O-O a4 13. b4 Qd7 14. Kh2 Ra7 15. Ng1 Raa8
16. f4 exf4 17. gxf4 Bg4 18. hxg4 Nxg4+ 19. Kh1 Ne3 20. Qe2 Nxf1 21. Qxf1 Qg4
22. Nh3 Ra7 23. e5 1/2-1/2

[Event "Bayerische EM der Damen 2012"]
[Site "Bayerisch Eisenstein"]
[Date "2012.08.21"]
[Round "4.1"]
[White "Dirmeier, Carolin"]
[Black "Lorenz, Oda"]
[Result "1-0"]
[WhiteElo "2044"]
[BlackElo "1870"]
[PlyCount "125"]
[EventDate "2012.??.??"]
[WhiteTeam "TSV Wacker Neutraubling"]
[BlackTeam "Schachges. Augsburg 1873"]

1. f4 e5 2. fxe5 d6 3. exd6 Bxd6 4. Nf3 Bg4 5. g3 Bxf3 6. exf3 Qe7+ 7. Qe2 Nc6
8. Qxe7+ Ngxe7 9. Bg2 Nd4 10. Kd1 O-O-O 11. d3 Kb8 12. Nc3 f6 13. Ne4 Ndf5 14.
Re1 Nd5 15. c3 Rhe8 16. Bd2 Bf8 17. Kc2 Re6 18. Bh3 g6 19. d4 Rc6 20. Bxf5 gxf5
21. Nf2 Nb4+ 22. Kb3 Nd5 23. a3 a5 24. Nd3 Nb6 25. Re2 a4+ 26. Ka2 Nc4 27. Rae1
Rb6 28. Nb4 c5 29. Bf4+ Kc8 30. dxc5 Bxc5 31. Re8 Rxe8 32. Rxe8+ Kd7 33. Re1
Re6 34. Rxe6 Kxe6 35. Nd3 Be3 36. Bxe3 Nxe3 37. Nc5+ Kd5 38. Nxa4 Nf1 39. Kb3
Nd2+ 40. Kb4 Nxf3 41. h4 Nxh4 42. c4+ Kd4 43. Nc3 Ng6 44. c5 h5 45. c6 bxc6 46.
a4 f4 47. Ne2+ Ke3 48. Nxf4 Nxf4 49. a5 Nd5+ 50. Kc5 Nc7 51. Kxc6 Na8 52. Kb7
Kf3 53. Kxa8 Kxg3 54. Kb8 h4 55. a6 h3 56. a7 Kg2 57. a8=Q+ Kg1 58. Qa7+ Kh1
59. Qb7+ Kh2 60. Qc7+ Kg1 61. Qb6+ Kg2 62. Qxf6 h2 63. b4 1-0